The study on cassava household's livelihood in romeashaek district svayrieng province, ការសិក្សាអំពីកម្រិតជីវភាពប្រជាកសិករដាំដំណាំដំឡូងមីក្នុងស្រុករមាសហែក ខេត្តស្វាយរៀង (Record no. 5013)

000 -LEADER
fixed length control field 00693nam a22001577a 4500
003 - CONTROL NUMBER IDENTIFIER
control field OSt
005 - DATE AND TIME OF LATEST TRANSACTION
control field 20151222163258.0
008 - FIXED-LENGTH DATA ELEMENTS--GENERAL INFORMATION
fixed length control field 151222b xxu||||| |||| 00| 0 eng d
040 ## - CATALOGING SOURCE
Transcribing agency RUA
082 ## - DEWEY DECIMAL CLASSIFICATION NUMBER
Classification number AED KHO 2012 B262 Or.1
100 ## - MAIN ENTRY--PERSONAL NAME
9 (RLIN) 5378
Personal name KHOV, KIMCHHE.
245 ## - TITLE STATEMENT
Title The study on cassava household's livelihood in romeashaek district svayrieng province, ការសិក្សាអំពីកម្រិតជីវភាពប្រជាកសិករដាំដំណាំដំឡូងមីក្នុងស្រុករមាសហែក ខេត្តស្វាយរៀង
260 ## - PUBLICATION, DISTRIBUTION, ETC. (IMPRINT)
Place of publication, distribution, etc. Phnom Penh
Name of publisher, distributor, etc. RUA
Date of publication, distribution, etc. 2012
300 ## - PHYSICAL DESCRIPTION
Extent ix; 42p.
Other physical details ill.
Dimensions 29cm.
942 ## - ADDED ENTRY ELEMENTS (KOHA)
Source of classification or shelving scheme
Koha item type AED
Holdings
Price effective from Date last seen Permanent Location Not for loan Date acquired Source of classification or shelving scheme Koha item type Lost status Withdrawn status Date last checked out Total Checkouts Shelving location Damaged status Barcode Current Location Full call number
2015-12-222015-12-22Library Block B 2015-12-22 AED    B262 RUA046949Library Block BAED KHO 2012 B262 Or.1
2015-12-222016-07-20Library Block B 2015-12-22 AED  2016-07-081B262 RUA047589Library Block BAED KHO 2012 B262 Or.2
2015-12-222015-12-22Library Block B 2015-12-22 AED    B262 RUA032267Library Block BAED KHO 2012 B262 Or.3
2015-12-222016-04-19Library Block B 2015-12-22 AED  2016-04-021B262 RUA032324Library Block BAED KHO 2012 B262 Or.4
2015-12-222015-12-22Library Block B 2015-12-22 AED    B262 RUA030363Library Block BAED KHO 2012 B262 Or.5
2015-12-222015-12-22Library Block B 2015-12-22 AED    B262 RUA032407Library Block BAED KHO 2012 B262 Or.6
2015-12-222015-12-22Library Block B 2015-12-22 AED    B262 RUA032157Library Block BAED KHO 2012 B262 Or.7
2015-12-222015-12-22Library Block B 2015-12-22 AED    B262 RUA032378Library Block BAED KHO 2012 B262 Or.8
2016-06-152018-05-21Library Block B 2016-06-15 AED  2018-04-031  RUA057485Library Block BAED KHO 2012 B262 Or.9
2019-01-032019-01-03Library Block B 2019-01-03 AED    B1.198 A35260Library Block BAED KHO 2012 B1.198 Or.1
2019-01-032019-01-03Library Block B 2019-01-03 AED    B1.198 A35759Library Block BAED KHO 2012 B1.198 Or.2
2019-01-042019-01-04Library Block B 2019-01-04 AED    B1.198 A40893Library Block BAED KHO 2012 B1.198 Or.1
2019-01-152019-01-15Library Block B 2019-01-15 AED    B1.202 A40127Library Block BAED KHO 2012 B1.202 Or.1
2019-01-152022-03-11Library Block B 2019-01-15 AED  2022-02-211B1.202 A40052Library Block BAED KHO 2012 B1.202 Or.2
មជ្ឈមណ្ឌលឯការនៃសាកលវិទ្យាល័យភូមិន្ទកសិកម្មចំការដូង

Powered by Koha